Les mots espagnols groupés d'après le seus / (Record no. 89469)

MARC details
000 -LEADER
campo de control de longitud fija 00473nam a2200169 i 4500
001 - NÚMERO DE CONTROL
campo de control 89469
003 - IDENTIFICADOR DE NÚMERO DE CONTROL
campo de control ES-MaACL
007 - CAMPO FIJO DE DESCRIPCIÓN FÍSICA--INFORMACIÓN GENERAL
campo de control de longitud fija t|
008 - DATOS DE LONGITUD FIJA--INFORMACIÓN GENERAL
campo de control de longitud fija 050110s1921 fr ||||1| fre d
100 1# - ENTRADA PRINCIPAL--NOMBRE DE PERSONA
Nombre de persona Lanquine, Jules.
9 (RLIN) 70092
245 14 - MENCIÓN DEL TÍTULO
Título Les mots espagnols groupés d'après le seus /
Mención de responsabilidad, etc. par Jules Lanquine et B. Baro.
250 ## - MENCION DE EDICION
Mención de edición 12eme ed.
260 ## - PUBLICACIÓN, DISTRIBUCIÓN, ETC.
Lugar de publicación, distribución, etc. París :
Nombre del editor, distribuidor, etc. Hachette,
Fecha de publicación, distribución, etc. [1921]
300 ## - DESCRIPCIÓN FÍSICA
Extensión VI, 131 p. ;
Dimensiones 18 cm.
700 1# - ENTRADA AGREGADA--NOMBRE PERSONAL
Nombre de persona Baro, B.
9 (RLIN) 25744
852 ## - LOCALIZACIÓN
Ubicación ES-MaACL
Número de control de estantería G-3509
Holdings
Estatus retirado Estado de pérdida Estado de daño No para préstamo Biblioteca de origen Biblioteca actual Ubicación en estantería Fecha de adquisición Fuente de adquisición Total de préstamos Signatura topográfica completa Código de barras Visto por última vez Precio de reemplazo Tipo de ítem Koha
        Biblioteca del Ateneo de Madrid Biblioteca del Ateneo de Madrid Depósito 2 17/01/2008     G-3509 1093438 23/02/2023 23/02/2023 Libro impreso